000 00324nam a22001217a 4500
020 _a0-07-88120-0E
082 _a005.1 AND'A
100 _a GESSIN, JANICE M , MCBEEN, JANAT , ANDERSON, DICK
_956546
245 _a APPLE WORKS ,TIPS AND TRAPS
260 _a OSBORNE
_bMCGRAW HILL
_c1986
300 _aXII, 291P
942 _cBK
999 _c566937
_d566937